| 000 | 01241nam0a22003011 4500 | ||
|---|---|---|---|
| 001 | rc\375718 | ||
| 005 | 20260406071756.0 | ||
| 010 |
_a5-03-000737-7 _93150 |
||
| 035 | _a(NLR Aleph) 005607640 | ||
| 090 |
_a6379363 _c6379363 |
||
| 100 | _a20030307d1989 |||y0rusy50 ca | ||
| 101 | 0 | _arus | |
| 102 | _aRU | ||
| 105 | _aa ||||||||| | ||
| 200 | 1 |
_aМолекулярно-лучевая эпитаксия и гетероструктуры _f[Л. Эсаки, Б.А. Джойс, Р. Хекингботтом и др.] _gПод ред. Л. Ченга, К. Плога _gПер. с англ. под ред. Ж.И. Алферова, Ю.В. Шмарцева |
|
| 210 |
_aМ. _cМир _d1989 |
||
| 215 |
_a582 с. _cил. _d21 |
||
| 300 | _aАвт. указаны в огл. | ||
| 320 | _aБиблиогр.: с. 579-580 (67 назв.) | ||
| 320 | _aПеревод изд.: Molecular beam epitaxy and heterostructures (Dordrecht, 1985) | ||
| 701 | 1 |
_aЭсаки _bЛ. _gЛео |
|
| 702 | 1 |
_aЧенг _bЛ. _4340 |
|
| 702 | 1 |
_4340 _8rus _7ca _aАлферов _bЖ. И. _f1930-2019 _gЖорес Иванович _3RU\NLR\AUTH\7716798 _9126432 |
|
| 801 | 0 |
_aRU _bNLR _gpsbo |
|
| 801 | 1 |
_aRU _bELAR _2rusmarc |
|
| 852 |
_aNLR _j89-5/4447 |
||
| 942 | _cBOOK | ||
| 980 | _aNB | ||